Zombi (Record no. 70303)

MARC details
000 -LEADER
campo de control de longitud fija 00660nam a2200193 i 4500
001 - NÚMERO DE CONTROL
campo de control 70303
003 - IDENTIFICADOR DE NÚMERO DE CONTROL
campo de control ES-MaACL
005 - FECHA Y HORA DE LA ÚLTIMA TRANSACCIÓN
campo de control 20230906170800.0
007 - CAMPO FIJO DE DESCRIPCIÓN FÍSICA--INFORMACIÓN GENERAL
campo de control de longitud fija t|
008 - DATOS DE LONGITUD FIJA--INFORMACIÓN GENERAL
campo de control de longitud fija 040721s1954 dr |||| | spa d
100 1# - ENTRADA PRINCIPAL--NOMBRE DE PERSONA
Nombre de persona García-Rodríguez, José María.
9 (RLIN) 163049
245 10 - MENCIÓN DEL TÍTULO
Título Zombi
Resto del título : (drama) ; Las aflicciones estériles : (comedia dramática) ; ¡Ya viene el general Campuzano! : (drama) /
Mención de responsabilidad, etc. José María García-Rodríguez.
260 ## - PUBLICACIÓN, DISTRIBUCIÓN, ETC.
Lugar de publicación, distribución, etc. [Ciudad Trujillo :
Nombre del editor, distribuidor, etc. Montalvo,
Fecha de publicación, distribución, etc. 1954]
300 ## - DESCRIPCIÓN FÍSICA
Extensión 155 p. ;
Dimensiones 23 cm.
597 ## - NOTA DE DESCRIPCIÓN FÍSICA
NOTA DE DESCRIPCIÓN FÍSICA Ejemp. falto de port.
740 42 - ENTRADA AGREGADA--TÍTULO RELACIONADO/ANALÍTICO NO CONTROLADO
Título relacionado o analítico no controlado Las aflicciones estériles.
740 12 - ENTRADA AGREGADA--TÍTULO RELACIONADO/ANALÍTICO NO CONTROLADO
Título relacionado o analítico no controlado ¡Ya viene el general!
852 ## - LOCALIZACIÓN
Ubicación ES-MaACL
Número de control de estantería C-8727
Holdings
Estatus retirado Estado de pérdida Estado de daño No para préstamo Biblioteca de origen Biblioteca actual Ubicación en estantería Fecha de adquisición Fuente de adquisición Total de préstamos Signatura topográfica completa Código de barras Visto por última vez Precio de reemplazo Tipo de ítem Koha
        Biblioteca del Ateneo de Madrid Biblioteca del Ateneo de Madrid Sala Palomar 17/01/2008     C-8727 1073619 23/02/2023 23/02/2023 Libro impreso